Cenová regulácia vo vybranom odvetví hospodárstva Slovenskej republiky bakalárska práca

Salvato in:
Dettagli Bibliografici
Autore principale: Lapšanský, Martin
Ente Autore: Národohospodárska fakulta EU. Katedra ekonómie
Altri autori: Novák, Marcel, 1979-
Natura: Libro
Lingua:slovacco
Pubblicazione: Bratislava 2024
Tags: Aggiungi Tag
Nessun Tag, puoi essere il primo ad aggiungerne!!

MARC

LEADER 00000nbm a2200000 4500
001 0301651
005 20241113101820.6
041 0 |a slo 
044 |a SK 
245 1 0 |a Cenová regulácia vo vybranom odvetví hospodárstva Slovenskej republiky  |b bakalárska práca  |c Martin Lapšanský ; školiteľ: Marcel Novák 
264 1 |a Bratislava  |c 2024 
300 |a 52 s. 
100 1 |a Lapšanský, Martin 
700 1 |a Novák, Marcel, 1979- 
710 2 |a Národohospodárska fakulta EU. Katedra ekonómie